Sydney Train Stations - T8 & SHL Line (Airport and South Line) - Statistics

General Stats
  • This quiz has been taken 101 times
  • The average score is 33 of 51
Answer Stats
# Answer % Correct
1 Town Hall
95%
32 Campbelltown
93%
5 Museum
93%
6 Central
92%
12 Domestic Airport
92%
3 Circular Quay
90%
13 International Airport
90%
33 Macarthur
88%
14 Wolli Creek
88%
2 Wynyard
88%
10 Green Square
86%
11 Mascot
86%
7 Redfern
86%
4 St James
86%
23 Revesby
80%
25 East Hills
78%
30 Minto
76%
9 Sydenham
76%
27 Glenfield
75%
24 Panania
75%
19 Beverly Hills
73%
29 Ingleburn
73%
28 Macquarie Fields
73%
17 Bexley North
69%
26 Holsworthy
69%
18 Kingsgrove
69%
21 Riverwood
69%
15 Turrella
69%
31 Leumeah
68%
8 St Peters
66%
20 Narwee
63%
22 Padstow
63%
16 Bardwell Park
61%
51 Goulburn
51%
37 Picton
49%
35 Menangle
47%
44 Moss Vale
47%
34 Menangle Park
46%
36 Douglas Park
44%
41 Mittagong
42%
42 Bowral
41%
38 Tahmoor
39%
39 Bargo
37%
45 Exeter
37%
50 Marulan
36%
46 Bundanoon
34%
40 Yerrinbool
34%
48 Wingello
32%
43 Burradoo
31%
49 Tallong
27%
47 Penrose
25%
No matching quizzes found
Score Distribution
Percent of People with Each Score
Percentile by Number Answered
Your Score History
You have not taken this quiz